| 000 | 00451nam a22001697a 4500 | ||
|---|---|---|---|
| 005 | 20180508144404.0 | ||
| 010 | _aENG-122999 | ||
| 020 |
_a9789380151106 _c225.00 |
||
| 035 | _aEN-106531 | ||
| 037 | _aDBAD/PUB. | ||
| 082 | _aS | ||
| 100 | _aPapaadi, Jeena R. | ||
| 245 |
_aTales from the garden city / _cby Jeena R. Papaadi |
||
| 260 |
_aGoa _bCinnamon Teal Print and Publishing _c2009 |
||
| 300 |
_a156p. _b21cm(pbk) |
||
| 942 |
_2ddc _cEN _hS _mPAP |
||
| 999 |
_c151931 _d151931 |
||